Kajian organisasi pentadbiran Pulau Langkawi dan isu-isu lain yang berkaitan dengan pembangunan pulau ini (Record no. 110041)

MARC details
000 -LEADER
fixed length control field 00723nam a2200217 i 4500
001 - CONTROL NUMBER
control field C2-0307270
003 - CONTROL NUMBER IDENTIFIER
control field PPAK
005 - DATE AND TIME OF LATEST TRANSACTION
control field 20190627104650.0
008 - FIXED-LENGTH DATA ELEMENTS--GENERAL INFORMATION
fixed length control field 110118s1987 my |||| ||||| | may d
040 ## - CATALOGING SOURCE
Original cataloging agency PPAK
Language of cataloging eng
Transcribing agency PPAK
Description conventions rda
082 04 - DEWEY DECIMAL CLASSIFICATION NUMBER
Classification number 352.09595112
Edition number 23
090 00 - LOCALLY ASSIGNED LC-TYPE CALL NUMBER (OCLC); LOCAL CALL NUMBER (RLIN)
Classification number (OCLC) (R) ; Classification number, CALL (RLIN) (NR) 352.09595112
Feature heading KAJ
Feature heading KK
245 00 - TITLE STATEMENT
Title Kajian organisasi pentadbiran Pulau Langkawi dan isu-isu lain yang berkaitan dengan pembangunan pulau ini
Remainder of title Peringkat II
264 #1 - PRODUCTION, PUBLICATION, DISTRIBUTION, MANUFACTURE, AND COPYRIGHT NOTICE
Place of production, publication, distribution, manufacture [Kuala Lumpur] :
Name of producer, publisher, distributor, manufacturer Unit Pemodenan Tadbiran Malaysia ,
Date of production, publication, distribution, manufacture, or copyright notice 1987
300 ## - PHYSICAL DESCRIPTION
Extent 110 pages [lampiran] ;
Dimensions 30 cm
336 ## - CONTENT TYPE
Source rdacontent
Content type term text
337 ## - MEDIA TYPE
Source rdamedia
Media type term unmediated
338 ## - CARRIER TYPE
Source rdacarrier
Carrier type term volume
650 10 - SUBJECT ADDED ENTRY--TOPICAL TERM
Topical term or geographic name entry element Kedah - Politics and government
942 ## - ADDED ENTRY ELEMENTS (KOHA)
Koha item type Book
Source of classification or shelving scheme Dewey Decimal Classification
Holdings
Withdrawn Not for loan Current library Shelving location Date acquired Full call number Barcode Date last seen Koha item type
  Not For Loan Perpustakaan Alor Setar Koleksi Kedah 18/01/2011 KK 352.09595112 KAJ A00159677 09/05/2018 Book
  Not For Loan Perpustakaan Alor Setar Koleksi Kedah 25/07/2012 KK 352.09595112 KAJ A00364919 09/05/2018 Book
  Not For Loan Perpustakaan Alor Setar Koleksi Kedah 12/12/2011 KK 352.09595112 KAJ A00364920 09/05/2018 Book